每个经纬度方格中最大的城市(> 1万人) - Statistics

General Stats
  • This quiz has been taken 510 times
  • The average score is 74 of 225
Answers on the Map
Answers color-coded by a green-red scale on the quiz's map according to % correct below.
 
Answer Stats
Location Answers % Correct
30°-40° N, 110°-120° E 北京/Beijing
95%
20°-30° N, 110°-120° E 广州/Guangzhou
93%
30°-40° N, 120°-130° E 上海/Shanghai
93%
30°-40° N, 130°-140° E 东京/Tokyo
91%
30°-40° N, 100°-110° E 成都/Chengdu
88%
40°-50° N, 120°-130° E 沈阳/Shenyang
88%
40°-50° N, 80°-90° E 乌鲁木齐/Urumqi
88%
40°-50° N, 70°-80° W 纽约/New York City
86%
50°-60° N, 0°-10° W 伦敦/London
85%
40°-50° N, 0°-10° E 巴黎/Paris
84%
50°-60° N, 10°-20° E 柏林/Berlin
82%
20°-30° N, 100°-110° E 重庆/Chongqing
82%
50°-60° N, 30°-40° E 莫斯科/Moscow
82%
10°-20° N, 70°-80° E 孟买/Mumbai
81%
40°-50° N, 10°-20° E 罗马/Rome
81%
30°-40° S, 150°-160° E 悉尼/Sydney
81%
0°-10° S, 100°-110° E 雅加达/Jakarta
80%
30°-40° N, 110°-120° W 洛杉矶/Los Angeles
80%
40°-50° N, 0°-10° W 马德里/Madrid
80%
30°-40° N, 30°-40° E 开罗/Cairo
79%
0°-10° N, 100°-110° E 新加坡/Singapore
79%
40°-50° N, 110°-120° E 呼和浩特/Hohhot
76%
10°-20° N, 90°-100° W 墨西哥城/Mexico City
76%
40°-50° N, 20°-30° E 伊斯坦布尔/Istanbul
75%
30°-40° N, 50°-60° E 德黑兰/Tehran
74%
20°-30° N, 70°-80° E 德里/Delhi
73%
10°-20° N, 90°-100° E 仰光/Yangon
73%
30°-40° S, 50°-60° W 布宜诺斯艾利斯/Buenos Aires
72%
40°-50° N, 140°-150° E 札幌/Sapporo
72%
40°-50° N, 120°-130° W 西雅图/Seattle
72%
30°-40° S, 140°-150° E 墨尔本/Melbourne
71%
20°-30° N, 50°-60° E 迪拜/Dubai
70%
60°-70° N, 20°-30° E 赫尔辛基/Helsinki
70%
10°-20° S, 40°-50° W 巴西利亚/Brasilia
69%
40°-50° N, 80°-90° W 芝加哥/Chicago
69%
10°-20° N, 100°-110° E 胡志明市/Ho Chi Minh City
69%
20°-30° S, 40°-50° W 圣保罗/Sao Paulo
68%
30°-40° S, 110°-120° E 珀斯/Perth
67%
20°-30° N, 40°-50° E 利雅得/Riyadh
67%
40°-50° N, 100°-110° E 包头/Baotou
65%
20°-30° N, 80°-90° E 加尔各答/Kolkata
65%
40°-50° N, 70°-80° E 阿拉木图/Almaty
64%
50°-60° N, 0°-10° E 布鲁塞尔/Brussels
64%
30°-40° S, 10°-20° E 开普敦/Cape Town
64%
20°-30° N, 90°-100° E 达卡/Dhaka
64%
50°-60° N, 20°-30° E 明斯克/Minsk
63%
20°-30° N, 120°-130° E 新北/New Taipei City
63%
30°-40° N, 40°-50° E 巴格达/Baghdad
62%
30°-40° S, 70°-80° W 圣地亚哥/Santiago
62%
20°-30° N, 70°-80° W 古巴圣地亚哥/Santiago de Cuba
62%
30°-40° S, 170°-180° E 奥克兰/Auckland
61%
10°-20° S, 70°-80° W 利马/Lima
60%
10°-20° S, 130°-140° E 达尔文/Darwin
59%
30°-40° N, 0°-10° E 阿尔及尔/Algiers
58%
20°-30° S, 20°-30° E 约翰内斯堡/Johannesburg
57%
60°-70° N, 20°-30° W 雷克雅未克/Reykjavik
57%
30°-40° N, 70°-80° W 华盛顿/Washington
57%
20°-30° N, 60°-70° E 卡拉奇/Karachi
56%
0°-10° N, 70°-80° W 波哥大/Bogota
55%
20°-30° S, 150°-160° E 布里斯班/Brisbane
55%
40°-50° N, 90°-100° E 哈密/Hami
55%
0°-10° S, 10°-20° E 金沙萨/Kinshasa
54%
30°-40° N, 60°-70° E 喀布尔/Kabul
53%
40°-50° N, 130°-140° E 佳木斯/Jiamusi
52%
20°-30° N, 80°-90° W 哈瓦那/Havana
51%
30°-40° N, 80°-90° E 和田/Hotan
51%
30°-40° N, 140°-150° E 仙台/Sendai
51%
30°-40° N, 90°-100° W 达拉斯/Dallas
50%
30°-40° S, 130°-140° E 阿德莱德/Adelaide
48%
30°-40° N, 90°-100° E 酒泉/Jiuquan
48%
30°-40° N, 0°-10° W 卡萨布兰卡/Casablanca
47%
50°-60° N, 80°-90° E 新西伯利亚/Novosibirsk
47%
0°-10° N, 30°-40° E 亚的斯亚贝巴/Addis Ababa
46%
50°-60° N, 60°-70° E 叶卡捷琳堡/Yekaterinburg
46%
30°-40° N, 20°-30° E 亚历山大/Alexandria
45%
60°-70° N, 30°-40° E 摩尔曼斯克/Murmansk
45%
0°-10° N, 0°-10° E 拉各斯/Lagos
44%
0°-10° S, 110°-120° E 泗水/Surabaya
44%
60°-70° N, 140°-150° W 安克雷奇/Anchorage
43%
20°-30° N, 150°-160° W 火奴鲁鲁/Honolulu
43%
40°-50° N, 60°-70° E 塔什干/Tashkent
43%
10°-20° N, 40°-50° E 萨那/Sanaa
42%
40°-50° N, 40°-50° E 巴库/Baku
40%
20°-30° N, 90°-100° W 休斯敦/Houston
39%
30°-40° N, 70°-80° E 拉合尔/Lahore
39%
10°-20° S, 40°-50° E 塔那那利佛/Antananarivo
38%
0°-10° N, 40°-50° E 摩加迪沙/Mogadishu
38%
0°-10° S, 140°-150° E 莫尔斯比港/Port Moresby
37%
0°-10° N, 80°-90° W | 30°-40° N, 120°-130° W 圣何塞/San Jose
37%
10°-20° N, 80°-90° E 钦奈/Chennai
36%
0°-10° S, 30°-40° E 达累斯萨拉姆/Dar es Salaam
34%
40°-50° S, 170°-180° E 克赖斯特彻奇/Christchurch
33%
10°-20° N, 110°-120° E 文昌/Wenchang
33%
60°-70° N, 0°-10° E 卑尔根/Bergen
32%
10°-20° N, 10°-20° W 达喀尔/Dakar
32%
40°-50° N, 30°-40° E 哈尔科夫/Kharkiv
32%
50°-60° N, 110°-120° W 卡尔加里/Calgary
31%
50°-60° N, 130°-140° W 朱诺/Juneau
31%
60°-70° N, 50°-60° W 努克/Nuuk
31%
50°-60° N, 100°-110° E 伊尔库茨克/Irkutsk
30%
0°-10° S, 60°-70° W 马瑙斯/Manaus
28%
10°-20° N, 120°-130° E 奎松市/Quezon City
28%
60°-70° N, 120°-130° E 雅库茨克/Yakutsk
28%
50°-60° N, 120°-130° E 布拉戈维申斯克(海兰泡)/Blagoveshchensk
27%
0°-10° N, 120°-130° E 达沃/Davao City
27%
10°-20° N, 10°-20° E 恩贾梅纳/N'Djamena
27%
30°-40° N, 10°-20° E 巴勒莫/Palermo
27%
50°-60° N, 110°-120° E 赤塔/Chita
26%
20°-30° S, 10°-20° E 温得和克/Windhoek
26%
20°-30° S, 30°-40° E 德班/Durban
25%
10°-20° N, 0°-10° W 巴马科/Bamako
24%
0°-10° N, 90°-100° E 棉兰/Medan
24%
50°-60° N, 150°-160° E 彼得罗巴甫洛夫斯克/Petropavlovsk-Kamchatsky
24%
30°-40° S, 20°-30° E 伊丽莎白港/Gqeberha
23%
40°-50° S, 140°-150° E 霍巴特/Hobart
23%
50°-60° N, 70°-80° E 鄂木斯克/Omsk
23%
40°-50° N, 90°-100° W 温尼伯/Winnipeg
23%
20°-30° N, 100°-110° W 瓜达拉哈拉/Guadalajara
22%
50°-60° N, 130°-140° E 共青城/Komsomolsk-on-Amur
22%
50°-60° N, 40°-50° E 下诺夫哥罗德/Nizhny Novgorod
22%
10°-20° N, 60°-70° W 圣多明各/Santo Domingo
22%
0°-10° N, 0°-10° W 阿比让/Abidjan
20%
30°-40° N, 80°-90° W 杰克逊维尔/Jacksonville
20%
10°-20° S, 30°-40° W 萨尔瓦多/Salvador
20%
20°-30° S, 130°-140° E 艾丽斯斯普林斯/Alice Springs
19%
40°-50° N, 60°-70° W 哈利法克斯/Halifax
18%
0°-10° N, 110°-120° E 古晋/Kuching
18%
50°-60° N, 140°-150° E 尼古拉耶夫斯克(庙街)/Nikolayevsk-on-Amur
18%
10°-20° N, 80°-90° W 特古西加尔巴/Tegucigalpa
18%
0°-10° N, 10°-20° E 雅温得/Yaounde
18%
30°-40° S, 60°-70° W 科尔多瓦/Cordoba
17%
10°-20° S, 20°-30° E 卢萨卡/Lusaka
17%
50°-60° N, 50°-60° E 萨马拉/Samara
17%
10°-20° S, 60°-70° W 圣克鲁斯-德拉谢拉/Santa Cruz de la Sierra
17%
60°-70° N, 130°-140° W 怀特霍斯/Whitehorse
17%
60°-70° N, 110°-120° W 耶洛奈夫/Yellowknife
17%
60°-70° N, 40°-50° E 阿尔汉格尔斯克/Arkhangelsk
16%
0°-10° S, 50°-60° E 维多利亚/Victoria
16%
0°-10° S, 40°-50° W 贝伦/Belem
15%
0°-10° S, 70°-80° W 瓜亚基尔/Guayaquil
15%
10°-20° S, 30°-40° E 哈拉雷/Harare
15%
40°-50° N, 50°-60° W 圣约翰/St. John's
15%
10°-20° S, 170°-180° E 苏瓦/Suva
15%
0°-10° S, 30°-40° W 福塔莱萨/Fortaleza
14%
60°-70° N, 170°-180° E 阿纳德尔/Anadyr
12%
20°-30° N, 30°-40° E 吉萨/Giza
12%
0°-10° S, 150°-160° E 霍尼亚拉/Honiara
12%
50°-60° N, 90°-100° E 克拉斯诺亚尔斯克/Krasnoyarsk
12%
50°-60° S, 70°-80° W 蓬塔阿雷纳斯/Punta Arenas
12%
30°-40° N, 100°-110° W 华雷斯城/Ciudad Juarez
11%
10°-20° N, 20°-30° W 普拉亚/Praia
11%
50°-60° N, 100°-110° W 萨斯卡通/Saskatoon
11%
60°-70° N, 10°-20° E 特隆赫姆/Trondheim
11%
40°-50° N, 110°-120° W 博伊西/Boise
10%
10°-20° N, 0°-10° E 卡诺/Kano
10%
10°-20° S, 160°-170° E 维拉港/Port Vila
10%
10°-20° S, 140°-150° E 汤斯维尔/Townsville
10%
0°-10° N, 10°-20° W 科纳克里/Conakry
9%
10°-20° N, 70°-80° W 马拉开波/Maracaibo
9%
20°-30° S, 160°-170° E 努美阿/Noumea
9%
20°-30° S, 170°-180° W 努库阿洛法/Nuku`alofa
9%
60°-70° N, 80°-90° E 诺里尔斯克/Norilsk
8%
20°-30° S, 70°-80° W 安托法加斯塔/Antofagasta
7%
10°-20° S, 170°-180° W 阿皮亚/Apia
7%
40°-50° S, 60°-70° W 里瓦达维亚海军准将城/Comodoro Rivadavia
7%
20°-30° N, 10°-20° W 拉斯帕尔马斯/Las Palmas
7%
10°-20° N, 50°-60° E 塞拉莱/Salalah
7%
60°-70° N, 10°-20° W 阿克雷里/Akureyri
6%
30°-40° N, 10°-20° W 丰沙尔/Funchal
6%
10°-20° N, 150°-160° W 希洛/Hilo
6%
40°-50° S, 160°-170° E 因弗卡吉尔/Invercargill
6%
0°-10° N, 20°-30° E 基桑加尼/Kisangani
6%
40°-50° S, 70°-80° W 蒙特港/Puerto Montt
6%
20°-30° S, 50°-60° E 圣但尼/Saint-Denis
6%
0°-10° N, 70°-80° E 特里凡得琅/Thiruvananthapuram
6%
60°-70° N, 0°-10° W 托尔斯港/Torshavn
6%
0°-10° S, 120°-130° E 安汶/Ambon
5%
20°-30° S, 50°-60° W 大坎普/Campo Grande
5%
0°-10° N, 60°-70° W 圭亚那城/Ciudad Guayana
5%
0°-10° N, 50°-60° W 马卡帕/Macapa
5%
10°-20° N, 30°-40° E 恩图曼/Omdurman
5%
0°-10° N, 170°-180° E 南塔拉瓦/South Tarawa
5%
10°-20° S, 50°-60° W 库亚巴/Cuiaba
4%
0°-10° N, 130°-140° E 科罗尔/Koror
4%
10°-20° S, 10°-20° E 卢班戈/Lubango
4%
20°-30° S, 140°-150° E 麦凯/Mackay
4%
0°-10° S, 20°-30° E 姆布吉马伊/Mbuji-Mayi
4%
40°-50° N, 50°-60° E 努库斯/Nukus
4%
0°-10° S, 80°-90° W 皮乌拉/Piura
4%
0°-10° S, 50°-60° W 圣塔伦/Santarem
4%
0°-10° S, 130°-140° E 索龙/Sorong
4%
10°-20° S, 140°-150° W 法阿/Fa`a`a
3%
20°-30° N, 110°-120° W 埃莫西约/Hermosillo
3%
0°-10° N, 80°-90° E 康堤/Kandy
3%
60°-70° N, 60°-70° E 汉特-曼西斯克/Khanty-Mansiysk
3%
10°-20° S, 120°-130° E 古邦/Kupang
3%
30°-40° N, 20°-30° W 蓬塔德尔加达/Ponta Delgada
3%
50°-60° S, 60°-70° W 里奥加耶戈斯/Rio Gallegos
3%
20°-30° S, 60°-70° W 圣米格尔-德图库曼/San Miguel de Tucuman
3%
50°-60° N, 60°-70° W 七岛港/Sept-Îles
3%
60°-70° N, 70°-80° E 苏尔古特/Surgut
3%
20°-30° N, 0°-10° E 塔曼拉塞特/Tamanrasset
3%
20°-30° S, 40°-50° E 菲亚纳兰楚阿/Fianarantsoa
2%
20°-30° S, 110°-120° E 杰拉尔顿/Geraldton
2%
0°-10° S, 70°-80° E 阿杜/Hithadhoo (Addu)
2%
30°-40° S, 120°-130° E 卡尔古利/Kalgoorlie
2%
10°-20° N, 100°-110° W 莫雷利亚/Morelia
2%
0°-10° S, 0°-10° E 让蒂尔港/Port-Gentil
2%
0°-10° S, 90°-100° W 阿约拉港/Puerto Ayora
2%
20°-30° N, 10°-20° E 塞卜哈/Sabha
2%
20°-30° N, 20°-30° E 锡瓦/Siwa Oasis
2%
60°-70° N, 50°-60° E 瑟克特夫卡尔/Syktyvkar
2%
50°-60° N, 90°-100° W 汤普森/Thompson
2%
0°-10° N, 150°-160° E 韦诺/Weno
2%
10°-20° S, 150°-160° E 阿洛陶/Alotau
1%
60°-70° N, 130°-140° E 丘拉普恰/Churapcha
1%
40°-50° N, 100°-110° W 柯林斯堡/Fort Collins
1%
50°-60° N, 120°-130° W 坎卢普斯/Kamloops
1%
0°-10° S, 40°-50° E 基斯马尤/Kismayo
1%
60°-70° N, 110°-120° E 米尔内/Mirny
1%
10°-20° N, 20°-30° E 尼亚拉/Nyala
1%
30°-40° S, 30°-40° E 谢普斯通港/Port Shepstone
1%
20°-30° N, 0°-10° W 提兹尼特/Tiznit
1%
10°-20° S, 50°-60° E 桑巴瓦/Sambava
0%
No matching quizzes found
Score Distribution
Percent of People with Each Score
Percentile by Number Answered
Your Score History
You have not taken this quiz